02086nam a2200325 u 4500001000800000005001700008007001000025008004100035035001200076040001300088041000800101082000800109100004400117245023400161260006100395300001300456520080000469541008001269650003601349650005201385650005101437700004301488700004101531700003601572700004501608700004801653700004201701502001001743526000701753123681920260508070647.0co|||||||110328s2011 mul  a1236819 ccomduadb amul 4a39410aCuero Castillo, Daisy Eufemia4auteaut13aLa danza tradicional de la mangleria como herramienta pedagogica en la resignificacion de valores culturales en niños y niñas del grado sexto de la Institucion Educativa Iberia del municipio de San Andres de Tumaco - Nariño aSan Juan de Pasto (Nariño) :b[sin publicador],c2011. a1 CD-ROM3 aLa danza tradicional de la Manglería como herramienta pedagógica en la resignificación de valores culturales de los niños y niñas del grado 6o de la I.E. IBERIA, del municipio de San Andrés de Tumaco -Nariño-; es un ejercicio investigativo, en donde se resalta y destaca la importancia que tiene esta manifestación cultural en el imaginario de las poblaciones afrodescendientes que habitan en el Pacífico Sur Colombiano; con lo cual han logrado construir un estilo de vida propio. El proyecto recoge vivencias del ecosistema del manglar y los incorpora en el proceso educativo de los niñ@s, con elementos propios de la región, innovador y llamativo; construyéndose en un puente para el fortalecimiento de la identidad cultural, y la formación integral de los educandos. aProyecto Profesionalizacion en Artes "Colombia Creativa" San Juan de Pasto. aDanzas tradicionales - Nariño 7aDanzas populares y nacionales colombianas2lemb aNariño (Colombia) - Vida social y costumbres10aCastillo Cortes, Jose Carlos4auteaut10aCortes Tenorio, Luz Marina4auteaut10aNogales Mesias, Ramon4auteaut10aParra Díaz, Aníbal Ignacio4thseths10aVillegas Hincapié, Lina María4thseths10aViana Cisneros, Luis Felipe4thseths b32c7 a32